Entry Nombre personal
001 - NÚMERO DE CONTROL
- campo de control: 147329
003 - IDENTIFICADOR DE NÚMERO DE CONTROL
- campo de control: SpMaBN
005 - FECHA Y HORA DE LA ÚLTIMA TRANSACCIÓN
- campo de control: 20250902224955.0
008 - ELEMENTOS DE DATO DE LONGITUD-FIJA
- campo de control de longitud fija: 980408n| aijnnaabn |n aaa
016 ## - NÚMERO DE CONTROL DE UNA AGENCIA BIBLIOGRÁFICA NACIONAL
- Número de control del registro: BNE19981044054
024 7# - IDENTIFICADOR DE OTROS ESTÁNDARES
- Número estándar o código: http://viaf.org/viaf/23204405/
- Fuente: viaf
024 7# - IDENTIFICADOR DE OTROS ESTÁNDARES
- Número estándar o código: https://isni.org/isni/000000005929346X
- Fuente: isni
024 7# - IDENTIFICADOR DE OTROS ESTÁNDARES
- Número estándar o código: http://www.wikidata.org/entity/Q29571138
- Fuente: wikidata
040 ## - FUENTE DE CATALOGACIÓN
- Centro catalogador/agencia de origen: SpMaBN
- Lengua de catalogación: spa
- Centro/agencia transcriptor: SpMaBN
- Normas de descripción: rdc
- Convención/Normas de encabezamiento de materia/tesauro: embne
100 1# - ENCABEZAMIENTO-NOMBRE DE PERSONA
- Nombre de persona: Rica, Sara de la,
- Fechas asociadas al nombre: 1963-
375 ## - GÉNERO/SEXO
- Género: Femenino
400 1# - TRAZADO DE VÉASE--NOMBRE DE PERSONA
- Nombre de persona: Rica Goiricelaya, Sara de la,
- Fechas asociadas al nombre: 1963-
670 ## - FUENTE DE DATOS ENCONTRADOS
- Cita de la fuente: Willingness to move for work and unemployment duration in Spain, 1998
- Información encontrada: port. (Sara de la Rica)
670 ## - FUENTE DE DATOS ENCONTRADOS
- Cita de la fuente: Mujeres y mercado laboral en España, 2010
- Información encontrada: port. (Sara de la Rica Goiricelaya)
